<?xml version="1.0" encoding="UTF-8"?>
<record
    xmlns:xsi="http://www.w3.org/2001/XMLSchema-instance"
    xsi:schemaLocation="http://www.loc.gov/MARC21/slim http://www.loc.gov/standards/marcxml/schema/MARC21slim.xsd"
    xmlns="http://www.loc.gov/MARC21/slim">

  <leader>02791nam a22002177a 4500</leader>
  <controlfield tag="003">IT-MiCISF</controlfield>
  <controlfield tag="005">20240905150440.0</controlfield>
  <controlfield tag="008">240905b        |||||||| |||| 00| 0 eng d</controlfield>
  <datafield tag="020" ind1=" " ind2=" ">
    <subfield code="a">9788851182540</subfield>
  </datafield>
  <datafield tag="040" ind1=" " ind2=" ">
    <subfield code="c">IT-MiCISF</subfield>
  </datafield>
  <datafield tag="041" ind1=" " ind2=" ">
    <subfield code="a">it</subfield>
  </datafield>
  <datafield tag="100" ind1=" " ind2=" ">
    <subfield code="a">Pellai Alberto</subfield>
    <subfield code="9">56522</subfield>
  </datafield>
  <datafield tag="245" ind1=" " ind2=" ">
    <subfield code="a">Mentre la tempesta colpiva forte.</subfield>
    <subfield code="b">Quello che noi genitori abbiamo imparato in tempo di emergenza</subfield>
  </datafield>
  <datafield tag="260" ind1=" " ind2=" ">
    <subfield code="a">Milano, </subfield>
    <subfield code="b">DeAgostini DeA Planeta Libri, </subfield>
    <subfield code="c">2020</subfield>
  </datafield>
  <datafield tag="300" ind1=" " ind2=" ">
    <subfield code="a">pp. 223</subfield>
  </datafield>
  <datafield tag="500" ind1=" " ind2=" ">
    <subfield code="a">societ&#xE0;, pandemia, genitorialit&#xE0;, famiglia, solidariet&#xE0;, cambiamento</subfield>
  </datafield>
  <datafield tag="520" ind1=" " ind2=" ">
    <subfield code="a">A volte la vita ti casca addosso e ti obbliga a cambiare forma. Entra nella tua struttura consueta e la rivoluziona. Ti allarghi, ti stringi, ti pieghi. Ti spalmi e ti ritrai. Cambi continuamente, nello sforzo di reggere l'impatto che continua a sconvolgerti. Che ti potrebbe rompere e frantumare. Ma tu continui ad adattarti a quella forza d'urto. Non lo sapevi che potevi assumere nuove forme, modificare i contorni e i confini della tua sagoma. O meglio, non lo sapevi perch&#xE9; non ci avevi mai provato. Non era mai successo nulla, prima, che ti obbligasse a inventare nuove forme di te. Tutto questo si chiama resilienza. E il dato di fatto &#xE8; che a molti di noi, nell'emergenza che la pandemia da COVID-19 ha messo nelle nostre vite, &#xE8; proprio successo questo: siamo diventati pi&#xF9; forti. E forse anche un po' migliori. Perch&#xE9; &#xE8; successo? Come &#xE8; successo? Cosa &#xE8; successo realmente? E soprattutto cosa abbiamo appreso e dobbiamo imparare a tenere con noi anche nei tempi di quiete, perch&#xE9; ci rende migliori? Questo libro vuole provare a rispondere a queste domande. Partendo da ci&#xF2; che &#xE8; successo in molte delle nostre famiglie, rielaborando i fatti, gli eventi e gli avvenimenti salienti, riprendendo la traccia di quelle settimane in cui il virus ci ha obbligato a diventare diversi da ci&#xF2; che eravamo sempre stati, pur continuando a rimanere quelli di sempre, queste pagine vogliono essere un percorso di resilienza e apprendimento. Perch&#xE9; ci&#xF2; che ha sconvolto il mondo ha cambiato anche il nostro modo di essere famiglia. E probabilmente ci ha reso anche pi&#xF9; forti. Il rischio potrebbe essere, dopo una grande fatica, di cancellarne la memoria, rimuoverla da noi e ributtarsi in ci&#xF2; che eravamo prima di viverla. Ma cos&#xEC; facendo staremmo solo in un territorio vuoto e deserto, che non sa far tesoro dell'esperienza che ci &#xE8; data per elaborarne significati e contenuti. Questo libro parte proprio da quel tesoro. Da ci&#xF2; che l'emergenza COVID-19 ci ha lasciato. E che non deve essere pi&#xF9; dimenticato. Ma integrato nelle nostre storie di vita, nei nostri rapporti pi&#xF9; intimi, nelle nostre relazioni familiari.</subfield>
  </datafield>
  <datafield tag="650" ind1=" " ind2=" ">
    <subfield code="a">Societ&#xE0;</subfield>
  </datafield>
  <datafield tag="654" ind1=" " ind2=" ">
    <subfield code="a">testimonianza</subfield>
  </datafield>
  <datafield tag="942" ind1=" " ind2=" ">
    <subfield code="2">ddc</subfield>
    <subfield code="c">BK</subfield>
  </datafield>
  <datafield tag="999" ind1=" " ind2=" ">
    <subfield code="c">360212</subfield>
    <subfield code="d">360212</subfield>
  </datafield>
  <datafield tag="952" ind1=" " ind2=" ">
    <subfield code="0">0</subfield>
    <subfield code="1">0</subfield>
    <subfield code="2">ddc</subfield>
    <subfield code="4">0</subfield>
    <subfield code="6">B_7846_000000000000000</subfield>
    <subfield code="7">1</subfield>
    <subfield code="a">CISF</subfield>
    <subfield code="b">CISF</subfield>
    <subfield code="d">2024-09-05</subfield>
    <subfield code="l">0</subfield>
    <subfield code="o">B7846</subfield>
    <subfield code="p">9788851182540</subfield>
    <subfield code="r">2024-09-05 15:05:24</subfield>
    <subfield code="w">2024-09-05</subfield>
    <subfield code="y">BK</subfield>
  </datafield>
</record>
